000
00320nam a22001457a 4500
003
SGT
020
_a
978-81-909385-7-0
100
_a
CHAUDHRY. S
245
_a
HUMAN ANATOMY & PHYSIOLOGY
250
_a
1st
260
_a
S. VIKASH
_b
PUNJAB
_c
2018
650
_a
PHYSIOLOGY
653
_a
HUMAN, ANATOMY
942
_2
ddc
_c
BK
999
_c
24713
_d
24713